[Event "USCL Week 2"]
[Site "Internet Chess Club"]
[Date "2014.09.02"]
[Round "?"]
[White "Becerra, Julio"]
[Black "Quang Liem, Le"]
[Result "1/2-1/2"]
[WhiteElo "2626"]
[BlackElo "2778"]
[PlyCount "290"]
[EventDate "2014.??.??"]

1. e4 c5 2. Nf3 e6 3. d4 cxd4 4. Nxd4 Nc6 5. Nc3 Qc7 6. Be3 a6 7. Bd3 Nf6 8.
O-O Be7 9. a4 O-O 10. Nb3 b6 11. f4 d6 12. g4 Nd7 13. g5 Re8 14. Qh5 Bf8 15.
Rf3 g6 16. Qh4 Bg7 17. Rh3 Nf8 18. Rf1 Nb4 19. Nd2 Rb8 20. Rhf3 Bb7 21. Qf2 Nd7
22. Rh3 Qc6 23. Nf3 Ba8 24. Bd4 e5 25. fxe5 dxe5 26. Be3 Qe6 27. Qh4 Nf8 28.
Nd1 Rbc8 29. Ne1 Bc6 30. Nf2 Nxd3 31. cxd3 Bd7 32. Rf3 Rc6 33. Bd2 a5 34. Bc3
f5 35. gxf6 Bxf6 36. Qg3 Qe7 37. Ng2 Rd6 38. Ne3 Bh4 39. Qg2 Qg5 40. Nc4 Rf6
41. Qxg5 Bxg5 42. Rxf6 Bxf6 43. Ng4 Bg7 44. Nf6+ Bxf6 45. Rxf6 Bxa4 46. Rxb6
Nd7 47. Rd6 Rb8 48. Bxa5 Kf7 49. Bc3 Ke7 50. Rd5 Bc6 51. Ra5 Rb5 52. Ra7 Ke6
53. Rc7 Bb7 54. b4 g5 55. Na5 Ba8 56. Ra7 Rb8 57. Ra6+ Ke7 58. Nc4 Rc8 59. b5
Bxe4 60. Bb4+ Kd8 61. Ba5+ Ke7 62. Bb4+ Kd8 63. Re6 Nb8 64. Rxe5 Bxd3 65. Ba5+
Kd7 66. Nb6+ Kd6 67. Rd5+ Ke6 68. Rxd3 Rc1+ 69. Kg2 Rb1 70. Nd5 Nd7 71. Nc7+
Ke7 72. Bb4+ Kd8 73. Nd5 Ne5 74. Rd2 Kc8 75. Rc2+ Kd7 76. b6 Ke6 77. b7 Nd7 78.
Nb6 Rxb4 79. Rc6+ Kf5 80. Nxd7 Rb2+ 81. Kg3 Rb3+ 82. Kf2 Rb2+ 83. Ke3 Rb3+ 84.
Kd4 Rb4+ 85. Ke3 Rb3+ 86. Kd4 Rb4+ 87. Kd5 Rxb7 88. Rf6+ Kg4 89. Kc6 Rb4 90.
Rh6 Kf3 91. Ne5+ Kg2 92. Rh5 h6 93. Rxh6 Rh4 94. Rg6 Rxh2 95. Rxg5+ Kf1 96. Rg4
Rd2 97. Kc5 Kf2 98. Kc4 Rd8 99. Nd3+ Ke3 100. Rg3+ Ke4 101. Nc5+ Ke5 102. Re3+
Kf5 103. Ne6 Ra8 104. Kd5 Ra5+ 105. Nc5 Kf4 106. Rb3 Kg4 107. Kd4 Ra8 108. Ke5
Ra1 109. Rc3 Ra2 110. Rc1 Kf3 111. Rc3+ Kg4 112. Ne6 Re2+ 113. Kd5 Re1 114. Rc8
Ra1 115. Rg8+ Kf5 116. Nd4+ Kf4 117. Rf8+ Kg4 118. Nc2 Ra5+ 119. Ke4 Ra4+ 120.
Nd4 Kg5 121. Rf5+ Kg4 122. Rb5 Ra8 123. Nc6 Ra4+ 124. Nb4 Ra8 125. Nd3 Re8+
126. Ne5+ Kg3 127. Rb2 Re7 128. Rb3+ Kf2 129. Kf4 Re8 130. Rb2+ Ke1 131. Ke4
Kd1 132. Rh2 Ra8 133. Nf3 Ra3 134. Nd4 Kc1 135. Nc2 Rc3 136. Nb4 Rc8 137. Nd3+
Kd1 138. Nb2+ Kc1 139. Kd4 Rd8+ 140. Kc3 Rc8+ 141. Nc4 Kd1 142. Ra2 Ke1 143.
Rc2 Rd8 144. Rh2 Rc8 145. Kd3 Rd8+ 1/2-1/2

[Event "USCL Week 2"]
[Site "Internet Chess Club"]
[Date "2014.09.03"]
[Round "?"]
[White "Benjamin, Joel"]
[Black "Minear, Peter"]
[Result "1-0"]
[WhiteElo "2634"]
[BlackElo "2365"]
[PlyCount "35"]
[EventDate "2014.??.??"]

1. e4 e5 2. Nf3 Nc6 3. Bb5 a6 4. Ba4 Nf6 5. Nc3 b5 6. Bb3 Be7 7. d3 d6 8. a3
O-O 9. O-O Bg4 10. Be3 Re8 11. Nd5 Bf8 12. Nxf6+ Qxf6 13. Bd5 Bd7 14. Ng5 Re7
15. f4 exf4 16. Nxf7 Qxb2 17. Rxf4 Qc3 18. Nd8+ 1-0

[Event "USCL Week 2"]
[Site "Internet Chess Club"]
[Date "2014.09.03"]
[Round "?"]
[White "Winer, Steven"]
[Black "Huang, Gary"]
[Result "1-0"]
[WhiteElo "2419"]
[BlackElo "2358"]
[PlyCount "97"]
[EventDate "2014.??.??"]

1. d4 d5 2. c4 e6 3. Nc3 Be7 4. cxd5 exd5 5. Bf4 c6 6. e3 Nf6 7. Bd3 Nbd7 8. h3
Nf8 9. Nf3 Ne6 10. Bh2 O-O 11. O-O g6 12. Rb1 Ng7 13. b4 a6 14. Na4 Ne4 15. Qc2
Nd6 16. Nc5 Ra7 17. a4 Bf5 18. a5 Nc4 19. Ra1 Bxc5 20. bxc5 Nxa5 21. Nd2 Nc4
22. Nxc4 dxc4 23. Bxf5 Nxf5 24. Qxc4 Re8 25. Rfe1 Ra8 26. Rad1 Re4 27. Qd3 Qe7
28. Be5 Rxe5 29. dxe5 Qxc5 30. Qd7 b5 31. e6 Rf8 32. Rc1 Qd5 33. Rxc6 fxe6 34.
Qxe6+ Qxe6 35. Rxe6 Rb8 36. Rxa6 Kf7 37. Rb1 Rb7 38. Kf1 Ke7 39. Ke2 Nd6 40.
Rba1 Nc8 41. Ra8 Rc7 42. Rb8 Nd6 43. Ra2 Ke6 44. Rb6 Ke7 45. f3 h5 46. e4 h4
47. Kf2 Ke6 48. Rd2 Rd7 49. Rd5 1-0

[Event "USCL Week 2"]
[Site "Internet Chess Club"]
[Date "2014.09.03"]
[Round "?"]
[White "Cunningham, Robin"]
[Black "Zheng, Andrew"]
[Result "0-1"]
[WhiteElo "2268"]
[BlackElo "2208"]
[PlyCount "54"]
[EventDate "2014.??.??"]

1. e4 e6 2. d4 d5 3. Nc3 Nf6 4. e5 Nfd7 5. Nf3 c5 6. dxc5 Bxc5 7. Bd3 Nc6 8.
Bf4 a6 9. h4 Qb6 10. Qd2 Qxb2 11. Rb1 Qa3 12. O-O Nd4 13. Nxd4 Bxd4 14. Rb3 Qa5
15. Bb5 Bc5 16. Bxd7+ Bxd7 17. Be3 Bxe3 18. Qxe3 b5 19. Qg5 Rg8 20. Rfb1 Rc8
21. Qe3 Rc4 22. Qa7 Rxc3 23. Rxb5 Bxb5 24. Qb8+ Qd8 25. Rxb5 axb5 26. Qxb5+ Qd7
27. Qb8+ Rc8 0-1

[Event "USCL Week 2"]
[Site "Internet Chess Club"]
[Date "2014.09.03"]
[Round "?"]
[White "Wang, Qibiao"]
[Black "Yip, Carissa"]
[Result "1-0"]
[WhiteElo "2320"]
[BlackElo "2141"]
[PlyCount "73"]
[EventDate "2014.??.??"]

1. e4 c5 2. Nf3 d6 3. d4 cxd4 4. Nxd4 Nf6 5. Nc3 g6 6. Be3 Bg7 7. Be2 O-O 8.
O-O Nc6 9. Qd2 Bd7 10. Nb3 Rc8 11. h3 Ne5 12. Bxa7 Rxc3 13. bxc3 Nxe4 14. Qe3
f5 15. f4 Nc6 16. Bb6 Qc8 17. Bf3 Nxc3 18. Nd4 Na4 19. Nxc6 Bxc6 20. Bd4 Bxd4
21. Qxd4 Bxf3 22. Rxf3 Qxc2 23. Qd5+ Rf7 24. Qxb7 Qc4 25. Kh2 Kg7 26. Qb3 Qe4
27. Rc1 Nc5 28. Qc3+ Kg8 29. a3 e6 30. Re1 Qa8 31. Rb1 Ne4 32. Qd4 Rf8 33. Rfb3
Nf6 34. Qxd6 Qe4 35. Rb8 Rxb8 36. Rxb8+ Kg7 37. Qf8# 1-0

[Event "USCL Week 2"]
[Site "Internet Chess Club"]
[Date "2014.09.03"]
[Round "?"]
[White "Shi, Jason"]
[Black "Francisco, Richard"]
[Result "0-1"]
[WhiteElo "2220"]
[BlackElo "2382"]
[PlyCount "110"]
[EventDate "2014.??.??"]

1. d4 Nf6 2. c4 e6 3. g3 Bb4+ 4. Bd2 Bxd2+ 5. Qxd2 d5 6. Bg2 c6 7. Nf3 O-O 8.
O-O b6 9. Nc3 Nbd7 10. Rac1 Ba6 11. cxd5 cxd5 12. b4 Qe7 13. b5 Bb7 14. a4 Rfc8
15. e3 Qa3 16. Rc2 Ne4 17. Nxe4 dxe4 18. Ng5 Qxa4 19. Rxc8+ Rxc8 20. Bxe4 Bxe4
21. Nxe4 Qa3 22. Rb1 h6 23. Qb4 Qd3 24. Nd6 Rc2 25. Ne8 Rc4 26. Qb3 Rc1+ 27.
Rxc1 Qxb3 28. Rc8 Kh7 29. Nd6 e5 30. Rc7 Qe6 31. Nc8 exd4 32. exd4 Qe1+ 33. Kg2
Qe4+ 34. Kg1 Qxd4 35. Nxa7 Ne5 36. Nc6 Qd1+ 37. Kg2 Qd5+ 38. Kg1 Nf3+ 39. Kg2
Ng5+ 40. Kg1 Nh3+ 41. Kf1 Qxb5+ 42. Kg2 Ng5 43. Ne7 Qe5 44. Rd7 Qe4+ 45. Kg1
Nh3+ 46. Kf1 Qh1+ 47. Ke2 Qxh2 48. Rd2 Qxf2+ 49. Kd1 Qxg3 50. Nd5 Nf2+ 51. Kc2
b5 52. Kb2 Qe5+ 53. Kc2 Qe4+ 54. Kc3 Qc4+ 55. Kb2 Nd3+ 0-1

[Event "USCL Week 2"]
[Site "Internet Chess Club"]
[Date "2014.09.03"]
[Round "?"]
[White "Manuelian, Haik der"]
[Black "Bryant, Todd"]
[Result "0-1"]
[WhiteElo "2149"]
[BlackElo "2201"]
[PlyCount "80"]
[EventDate "2014.??.??"]

1. Nf3 Nf6 2. g3 g6 3. Bg2 Bg7 4. O-O O-O 5. d3 d6 6. c4 e5 7. Nc3 c6 8. e4 h6
9. d4 Nh5 10. Re1 Bg4 11. Be3 Qc8 12. Qd2 Kh7 13. Rac1 Na6 14. a3 f5 15. exf5
gxf5 16. h3 Bxf3 17. Bxf3 Nf6 18. Bg2 Qe8 19. b4 Qh5 20. b5 Nc7 21. bxc6 bxc6
22. Qe2 Qxe2 23. Rxe2 e4 24. Bf4 Ne6 25. Bxd6 Nxd4 26. Bxf8 Nxe2+ 27. Nxe2 Bxf8
28. Nd4 Bxa3 29. Rb1 Kg6 30. Nxc6 Bd6 31. Rd1 Bc5 32. Ne5+ Kg7 33. g4 Re8 34.
Nc6 fxg4 35. Ra1 g3 36. Kf1 gxf2 37. Ra5 e3 38. Bf3 Ne4 39. Bxe4 Rxe4 40. Ra2
Rxc4 0-1

[Event "USCL Week 2"]
[Site "Internet Chess Club"]
[Date "2014.09.03"]
[Round "?"]
[White "Rubenchik, Rodion"]
[Black "Wu, Christopher"]
[Result "1-0"]
[WhiteElo "2329"]
[BlackElo "2363"]
[PlyCount "85"]
[EventDate "2014.??.??"]

1. d4 d5 2. Nf3 Nf6 3. c4 c6 4. e3 e6 5. Nc3 Nbd7 6. Bd3 dxc4 7. Bxc4 b5 8. Be2
Bb7 9. a3 a5 10. O-O Bd6 11. e4 b4 12. axb4 axb4 13. Rxa8 Qxa8 14. e5 bxc3 15.
exf6 Nxf6 16. bxc3 O-O 17. c4 c5 18. Bb2 Rd8 19. Qa1 Ne4 20. h3 f6 21. Rd1 cxd4
22. Bxd4 e5 23. Be3 Qxa1 24. Rxa1 Nc3 25. Bf1 e4 26. Nd4 Rb8 27. Nb5 Nxb5 28.
cxb5 f5 29. Bc4+ Kf8 30. b6 Be5 31. Bc5+ Ke8 32. Ra7 Kd8 33. Be6 f4 34. Kf1 f3
35. gxf3 exf3 36. Ra2 Bc6 37. Rd2+ Ke8 38. Bd5 Bb5+ 39. Kg1 Rc8 40. Ba3 Rd8 41.
Bf7+ Kxf7 42. Rxd8 Bc6 43. b7 1-0

[Event "USCL Week 2"]
[Site "Internet Chess Club"]
[Date "2014.09.03"]
[Round "?"]
[White "Gulamali, Kazim"]
[Black "Colas, Joshua"]
[Result "0-1"]
[WhiteElo "2397"]
[BlackElo "2400"]
[PlyCount "86"]
[EventDate "2014.??.??"]

1. e4 c5 2. Nf3 e6 3. d4 cxd4 4. Nxd4 a6 5. Bd3 Nf6 6. Qe2 d6 7. Be3 Nbd7 8. f4
Nc5 9. Nd2 Be7 10. O-O O-O 11. Kh1 e5 12. N4f3 exf4 13. Bxf4 Bg4 14. Rae1 Rc8
15. Qe3 Bh5 16. Nd4 Bg6 17. Qh3 d5 18. e5 Nfe4 19. Nf5 Bg5 20. Nb3 Ne6 21. Bxg5
Qxg5 22. Qe3 Bxf5 23. Qxg5 N6xg5 24. Rxf5 g6 25. Rf4 Rfe8 26. h4 Ne6 27. Rf3
Ng7 28. Bxe4 Rxe5 29. Rfe3 dxe4 30. Rxe4 Rxe4 31. Rxe4 Rxc2 32. Rb4 Rxb2 33.
Rxb7 Nf5 34. Nc5 Rxa2 35. Ne4 Nxh4 36. Ng5 Rf2 37. Ra7 h6 38. Ne4 Rxg2 39. Rxa6
Re2 40. Ng3 Re1+ 41. Kh2 Nf3+ 42. Kg2 Ng5 43. Ra2 Kg7 0-1

[Event "USCL Week 2"]
[Site "Internet Chess Club"]
[Date "2014.09.03"]
[Round "?"]
[White "Bartell, Tom"]
[Black "Stripunsky, Alex"]
[Result "0-1"]
[WhiteElo "2448"]
[BlackElo "2656"]
[PlyCount "108"]
[EventDate "2014.??.??"]

1. d4 d5 2. c4 Nc6 3. Nf3 Bg4 4. cxd5 Bxf3 5. gxf3 Qxd5 6. e3 e5 7. Nc3 Bb4 8.
Bd2 Bxc3 9. bxc3 Qd6 10. Rb1 b6 11. Bg2 Nge7 12. f4 exf4 13. e4 f6 14. h4 Rd8
15. O-O O-O 16. Qg4 Ng6 17. h5 Nge5 18. Qxf4 Nc4 19. Qxd6 cxd6 20. Bf4 N6a5 21.
Bh3 Rfe8 22. f3 Kf7 23. Kf2 g5 24. hxg6+ hxg6 25. Ke2 Nc6 26. Rh1 g5 27. Bg3
Rh8 28. Kd3 N4a5 29. Bg4 Nb7 30. f4 gxf4 31. Bxf4 Ne5+ 32. Bxe5 dxe5 33. Bh5+
Ke7 34. Rbg1 Nc5+ 35. Ke3 Ne6 36. Bd1 exd4+ 37. cxd4 Rxh1 38. Rxh1 Rxd4 39.
Rh7+ Kd6 40. Bc2 Rc4 41. Kd2 Rc7 42. Rh5 Ng5 43. Rh8 Nf3+ 44. Kd1 Ke5 45. Re8+
Kf4 46. Rf8 Ke3 47. Rxf6 Nd4 48. Bb3 Ne2 49. Bc2 Nd4 50. Bb3 Ne2 51. Bc2 Rd7+
52. Ke1 Rg7 53. e5 Nf4 54. Kf1 Rc7 0-1

[Event "USCL Week 2"]
[Site "Internet Chess Club"]
[Date "2014.09.03"]
[Round "?"]
[White "Herman, Matt"]
[Black "Vigorito, David"]
[Result "1-0"]
[WhiteElo "2439"]
[BlackElo "2519"]
[PlyCount "95"]
[EventDate "2014.??.??"]

1. e4 d6 2. d4 Nf6 3. Nc3 e5 4. Nf3 Nbd7 5. Bc4 Be7 6. O-O O-O 7. Re1 a6 8. a4
b6 9. Ne2 h6 10. Ng3 Re8 11. c3 Bb7 12. Qb3 Rf8 13. Qc2 c6 14. dxe5 Nxe5 15.
Nxe5 dxe5 16. Nf5 Bc8 17. Rd1 Qc7 18. Nxe7+ Qxe7 19. Be3 Rb8 20. f3 a5 21. Qb3
Bd7 22. Qa3 c5 23. Qb3 Rfc8 24. Rd2 Qe8 25. Rd6 Rc6 26. Qd1 Qe7 27. Rxc6 Bxc6
28. Qc2 Rd8 29. Qb3 Qc7 30. Qa3 Rd7 31. Bf1 Qd8 32. b4 cxb4 33. cxb4 Rd1 34.
Rxd1 Qxd1 35. b5 Bd7 36. Bxb6 Be6 37. Qc3 Nd7 38. Bxa5 Qxa4 39. b6 Kh7 40. b7
Qa2 41. Qb4 Qa1 42. h3 g5 43. Bb6 h5 44. Be3 g4 45. hxg4 hxg4 46. fxg4 Bxg4 47.
Qe7 Qb1 48. Qh4+ 1-0

[Event "USCL Week 2"]
[Site "Internet Chess Club"]
[Date "2014.09.03"]
[Round "?"]
[White "Zierk, Steven"]
[Black "Ostrovskiy, Aleksandr"]
[Result "1/2-1/2"]
[WhiteElo "2543"]
[BlackElo "2486"]
[PlyCount "83"]
[EventDate "2014.??.??"]

1. e4 c6 2. d4 d5 3. Nc3 dxe4 4. Nxe4 Bf5 5. Ng3 Bg6 6. h4 h6 7. Nf3 e6 8. h5
Bh7 9. Bd3 Bxd3 10. Qxd3 Nf6 11. Bd2 Be7 12. O-O-O O-O 13. Kb1 c5 14. Ne4 Nc6
15. Bc3 Nb4 16. Bxb4 cxb4 17. Nxf6+ Bxf6 18. Ne5 Qd5 19. Ng4 Bg5 20. Qg3 Qf5
21. Rhf1 Qf4 22. Qxf4 Bxf4 23. g3 Bc7 24. d5 f5 25. Ne3 f4 26. gxf4 Bxf4 27.
dxe6 Rae8 28. Nd5 Rxe6 29. Nxb4 Bd6 30. Nd3 Rf5 31. Rh1 Re2 32. a4 Re4 33. b3
a6 34. Nb2 Be7 35. Rhe1 Rxe1 36. Rxe1 Kf7 37. Nc4 Rxh5 38. Ne5+ Kf6 39. Ng4+
Kf7 40. Ne5+ Kf6 41. Ng4+ Kf7 42. Ne5+ 1/2-1/2

[Event "USCL Week 2"]
[Site "Internet Chess Club"]
[Date "2014.09.03"]
[Round "?"]
[White "Enkhbat, Tegshsuren"]
[Black "Korley, Kassa"]
[Result "0-1"]
[WhiteElo "2450"]
[BlackElo "2486"]
[PlyCount "98"]
[EventDate "2014.??.??"]

1. d4 Nf6 2. c4 e6 3. g3 d5 4. Nf3 Be7 5. Bg2 O-O 6. O-O Nc6 7. b3 Na5 8. Bd2
b6 9. Ne5 Bb7 10. b4 Nc6 11. Nxc6 Bxc6 12. b5 Bb7 13. Nc3 a6 14. a4 axb5 15.
axb5 Rxa1 16. Qxa1 Qa8 17. Qxa8 Rxa8 18. cxd5 exd5 19. Bg5 Bb4 20. Bxf6 Bxc3
21. Be5 c5 22. bxc6 Bxc6 23. Rc1 Ra1 24. Rxa1 Bxa1 25. e4 dxe4 26. d5 Bxe5 27.
dxc6 f5 28. g4 e3 29. f4 Bxf4 30. gxf5 e2 31. Kf2 Bxh2 32. Kxe2 Kf7 33. Kd3 Kf6
34. Ke4 h5 35. Bf1 h4 36. Bd3 Bb8 37. Kd5 h3 38. Be4 h2 39. Kd4 Bc7 40. Kd5 b5
41. Kc5 Ke5 42. Bh1 Kxf5 43. Kxb5 Kf4 44. Kc4 Ke3 45. Kd5 g5 46. Ke6 g4 47. Kf5
g3 48. Kg4 Kf2 49. Kh3 Kg1 0-1

[Event "USCL Week 2"]
[Site "Internet Chess Club"]
[Date "2014.09.03"]
[Round "?"]
[White "Aaron, Deepak"]
[Black "Rohde, Michael"]
[Result "0-1"]
[WhiteElo "2446"]
[BlackElo "2548"]
[PlyCount "72"]
[EventDate "2014.??.??"]

1. e4 c5 2. Nf3 e6 3. d4 cxd4 4. Nxd4 Nc6 5. Nc3 Qc7 6. Nb3 Nf6 7. Bd3 Be7 8.
Qe2 a6 9. Bd2 b5 10. O-O O-O 11. f4 b4 12. Nd1 d6 13. Nf2 a5 14. c3 e5 15. cxb4
Nxb4 16. Rfc1 Qb8 17. Bb5 d5 18. a3 Ba6 19. Bxa6 Nxa6 20. Nxa5 Qxb2 21. fxe5
Nxe4 22. Nxe4 dxe4 23. Nc4 Qd4+ 24. Be3 Qd3 25. Qxd3 exd3 26. Nd6 Rfd8 27. Bf4
f6 28. Ne4 Rd4 29. Re1 f5 30. Bg5 fxe4 31. Bxe7 d2 32. Red1 e3 33. Kf1 Nc7 34.
Bc5 Re4 35. Ke2 Nd5 36. Kd3 e2 0-1

[Event "USCL Week 2"]
[Site "Internet Chess Club"]
[Date "2014.09.03"]
[Round "?"]
[White "Williams, Chris"]
[Black "Salimbagat, Rico"]
[Result "0-1"]
[WhiteElo "2310"]
[BlackElo "2259"]
[PlyCount "90"]
[EventDate "2014.??.??"]

1. e4 e5 2. Nf3 Nc6 3. Bb5 f5 4. d3 Nf6 5. O-O fxe4 6. dxe4 d6 7. Qd3 Be7 8.
Nc3 Bd7 9. a3 O-O 10. Ng5 Qe8 11. Nd5 Nxd5 12. Qxd5+ Kh8 13. Ne6 Bxe6 14. Qxe6
Nd4 15. Bxe8 Nxe6 16. Bh5 Bg5 17. Bd1 a5 18. f3 Bxc1 19. Rxc1 a4 20. c3 Nc5 21.
Be2 g5 22. Rcd1 Kg7 23. Rfe1 g4 24. fxg4 Nxe4 25. Bf3 Nc5 26. Rd5 Rae8 27. Bd1
Rf4 28. g3 Rff8 29. Kg2 h6 30. Bc2 Rf6 31. Re2 c6 32. Rd1 d5 33. Bf5 b5 34. h4
e4 35. h5 Ref8 36. Kh3 Rxf5 37. gxf5 Rxf5 38. Kg4 Kf6 39. Rdd2 Nd3 40. Kh4 Ne5
41. g4 Rf4 42. Rf2 Nf3+ 43. Kg3 Kg5 44. Rd1 Rxg4+ 45. Kh3 Kf4 0-1

[Event "USCL Week 2"]
[Site "Internet Chess Club"]
[Date "2014.09.03"]
[Round "?"]
[White "Rozman, Levy"]
[Black "Krasik, Ilya"]
[Result "1-0"]
[WhiteElo "2382"]
[BlackElo "2264"]
[PlyCount "63"]
[EventDate "2014.??.??"]

1. d4 Nf6 2. Bg5 c6 3. Bxf6 exf6 4. e3 Qb6 5. Qc1 d5 6. c4 Bb4+ 7. Nc3 dxc4 8.
Bxc4 O-O 9. Nge2 Qc7 10. a3 Bd6 11. Qc2 f5 12. g3 Nd7 13. Bd3 g6 14. h4 Nf6 15.
h5 Be6 16. Nf4 Bxf4 17. gxf4 Qb6 18. Rg1 Bb3 19. Qe2 Ng4 20. Bxf5 gxf5 21. f3
Kh8 22. fxg4 fxg4 23. Rxg4 c5 24. d5 Rae8 25. Kf2 Bc4 26. Qd2 Qh6 27. Rag1 Qxh5
28. b3 Ba6 29. Ne4 f6 30. Qc3 Qh6 31. Nd6 Re7 32. Nf5 1-0

[Event "USCL Week 2"]
[Site "Internet Chess Club"]
[Date "2014.09.03"]
[Round "?"]
[White "Pressman, Leif"]
[Black "Studen, Damir"]
[Result "0-1"]
[WhiteElo "2432"]
[BlackElo "2372"]
[PlyCount "134"]
[EventDate "2014.??.??"]

1. e4 d5 2. exd5 Qxd5 3. Nf3 Nf6 4. d4 Bg4 5. Be2 e6 6. h3 Bh5 7. O-O c6 8. c4
Qa5 9. Nc3 Be7 10. Be3 Nbd7 11. a3 O-O 12. Qd2 Qc7 13. Rfe1 Rad8 14. Bf4 Bd6
15. Bxd6 Qxd6 16. Qe3 Bxf3 17. Bxf3 Rfe8 18. Rad1 Qc7 19. b4 Nf8 20. Ne4 Nxe4
21. Bxe4 Rd6 22. c5 Rdd8 23. b5 Nd7 24. bxc6 bxc6 25. Qf3 Rc8 26. g4 Nf6 27. g5
Nxe4 28. Qxe4 Red8 29. Qe5 Qe7 30. Qf4 Rd5 31. Re5 Rcd8 32. Rxd5 Rxd5 33. Qb8+
Rd8 34. Qg3 Qb7 35. h4 g6 36. Kg2 Rd5 37. Rd3 Qd7 38. Rb3 Rf5 39. Rb8+ Kg7 40.
Qd6 Qxd6 41. cxd6 Rd5 42. Rd8 Rxd4 43. d7 c5 44. Rc8 Rxd7 45. Rxc5 Rd4 46. Ra5
Rxh4 47. Kg3 Rh1 48. f4 h6 49. gxh6+ Kxh6 50. Rxa7 Kg7 51. a4 Ra1 52. a5 Ra3+
53. Kf2 Kf6 54. a6 Ra5 55. Ra8 Kf5 56. Ke3 Ra3+ 57. Kd4 Kxf4 58. Kc5 f5 59. Kb6
e5 60. Rg8 e4 61. Rxg6 e3 62. Re6 Kf3 63. Re5 f4 64. a7 Rxa7 65. Kxa7 e2 66.
Kb6 Kf2 67. Re4 f3 0-1

[Event "USCL Week 2"]
[Site "Internet Chess Club"]
[Date "2014.09.03"]
[Round "?"]
[White "Shvartsman, Andrew"]
[Black "Shmelov, Denys"]
[Result "0-1"]
[WhiteElo "2432"]
[BlackElo "2473"]
[PlyCount "76"]
[EventDate "2014.??.??"]

1. e4 e5 2. Nf3 Nc6 3. Bb5 a6 4. Ba4 Nf6 5. O-O Be7 6. Re1 b5 7. Bb3 d6 8. h3
O-O 9. c3 Na5 10. Bc2 c5 11. d4 Nd7 12. Nbd2 exd4 13. cxd4 Re8 14. dxc5 dxc5
15. e5 Bb7 16. Ne4 Nf8 17. Qe2 Nc6 18. Be3 Qc7 19. Nxc5 Nxe5 20. Nxb7 Nxf3+ 21.
gxf3 Bb4 22. Red1 Qxb7 23. Be4 Qb8 24. Bxa8 Qxa8 25. a3 Ba5 26. b4 Bb6 27. Qf1
Bxe3 28. fxe3 Rxe3 29. Rd3 Re8 30. Rad1 Ne6 31. Re1 h6 32. Qe2 Rc8 33. Qe4 Qa7+
34. Kh1 Qf2 35. Rde3 Rc4 36. Qf5 Rc2 37. Qxc2 Qxc2 38. R1e2 Qf5 0-1

[Event "USCL Week 2"]
[Site "Internet Chess Club"]
[Date "2014.09.03"]
[Round "?"]
[White "Defibaugh, Jared"]
[Black "Mo, Kevin"]
[Result "0-1"]
[WhiteElo "2325"]
[BlackElo "2334"]
[PlyCount "138"]
[EventDate "2014.??.??"]

1. d4 d5 2. c4 c6 3. Nc3 Nf6 4. Nf3 e6 5. e3 Nbd7 6. Qc2 Bd6 7. g4 h6 8. Rg1 b5
9. cxb5 c5 10. h4 Bb7 11. Bd3 Rc8 12. Bd2 cxd4 13. exd4 Ne4 14. O-O-O Qf6 15.
Ne5 Nxd2 16. Qxd2 Nxe5 17. dxe5 Bxe5 18. Kb1 Bxc3 19. bxc3 Qxc3 20. Qf4 d4 21.
Rg3 Qb4+ 22. Ka1 Bd5 23. Bb1 Qxb5 24. Qxd4 O-O 25. g5 h5 26. g6 f5 27. Rc3 Rxc3
28. Qxc3 Qe8 29. Qg3 Qa4 30. Rd2 Qb4 31. Rb2 Qd4 32. Qd6 a5 33. f4 a4 34. Qb4
Qg1 35. Qxa4 Qxg6 36. Qd4 Qg3 37. Qf2 Qc3 38. Qd2 Qf6 39. Qf2 Rb8 40. Bd3 Qc3
41. Qd2 Qxd2 42. Rxd2 Rb4 43. Rf2 Kf7 44. Bc2 g6 45. a3 Rb8 46. Re2 Kf6 47. Bd1
Be4 48. Ka2 Bd5+ 49. Ka1 Be4 50. Ka2 Rd8 51. Bb3 e5 52. fxe5+ Kxe5 53. a4 Kf4
54. Bc2 Bxc2 55. Rxc2 Rb8 56. Rc6 Kg4 57. Rxg6+ Kxh4 58. a5 f4 59. Rb6 Ra8 60.
a6 f3 61. Rf6 Kg3 62. Rg6+ Kf2 63. Kb3 h4 64. Kc4 h3 65. Rh6 Kg2 66. Rg6+ Kf1
67. Rh6 f2 68. Kd3 Rd8+ 69. Kc2 h2 0-1

[Event "USCL Week 3"]
[Site "Internet Chess Club"]
[Date "2014.09.09"]
[Round "?"]
[White "Matikozyan, Andranik"]
[Black "Kore, Akshayraj"]
[Result "0-1"]
[WhiteElo "2538"]
[BlackElo "2543"]
[PlyCount "72"]
[EventDate "2014.??.??"]

1. e4 e5 2. Nf3 Nc6 3. Bb5 Nf6 4. Qe2 a6 5. Ba4 Bc5 6. c3 O-O 7. O-O d6 8. Bxc6
bxc6 9. d4 exd4 10. cxd4 Bb6 11. Bg5 h6 12. Bh4 Bg4 13. Rd1 g5 14. Bg3 Nh5 15.
h3 Nxg3 16. fxg3 Be6 17. g4 d5 18. Nc3 dxe4 19. Qxe4 Qd6 20. Na4 f5 21. Qe5
Rad8 22. Nxb6 cxb6 23. gxf5 Rxf5 24. Qe2 Rf4 25. Rac1 Rdf8 26. Rc3 Bxa2 27. b3
Qb4 28. Qe6+ Kg7 29. Rxc6 R4f6 30. Qe5 Qxb3 31. Rdc1 Qb5 32. Rxf6 Rxf6 33. d5
Bxd5 34. Nd4 Qd3 35. Rc7+ Kg6 36. Rd7 Qf1+ 0-1

[Event "USCL Week 3"]
[Site "Internet Chess Club"]
[Date "2014.09.09"]
[Round "?"]
[White "Krasik, Ilya"]
[Black "Noble, Matthew"]
[Result "1-0"]
[WhiteElo "2264"]
[BlackElo "2084"]
[PlyCount "64"]
[EventDate "2014.??.??"]

1. d4 Nf6 2. c4 g6 3. Nc3 Bg7 4. e4 d6 5. Nge2 O-O 6. Bg5 c6 7. f3 h6 8. Be3 a5
9. Qd2 Kh7 10. O-O-O Na6 11. h4 Qc7 12. h5 g5 13. Kb1 e5 14. d5 cxd5 15. cxd5
Bd7 16. Ng3 Nc5 17. Rc1 Rfc8 18. Bb5 a4 19. Bxd7 Qxd7 20. Nf5 Ne8 21. Qe2 Ra5
22. g3 b5 23. Bxc5 Rxc5 24. a3 Ra8 25. Na2 Bf6 26. Nb4 Ng7 27. Ne3 Rxc1+ 28.
Rxc1 Nxh5 29. Qh2 Ng7 30. Ng4 Be7 31. Qxh6+ Kg8 32. Rh1 f5 1-0

[Event "USCL Week 3"]
[Site "Internet Chess Club"]
[Date "2014.09.09"]
[Round "?"]
[White "Shmelov, Denys"]
[Black "Ginsburg, Mark"]
[Result "1-0"]
[WhiteElo "2473"]
[BlackElo "2397"]
[PlyCount "67"]
[EventDate "2014.??.??"]

1. d4 d6 2. c4 e5 3. Nc3 exd4 4. Qxd4 Nf6 5. e4 Nc6 6. Qd2 g6 7. b3 Bg7 8. Bb2
O-O 9. Bd3 Ng4 10. Nge2 Nce5 11. Bc2 c6 12. Ng3 Bh6 13. Qe2 Bf4 14. Bc1 Bxc1
15. Rxc1 Qh4 16. h3 Nh6 17. Qe3 g5 18. Rd1 Rd8 19. c5 Qf4 20. Qxf4 gxf4 21. Nh5
f3 22. gxf3 Nxf3+ 23. Ke2 Nh4 24. cxd6 Be6 25. f4 f5 26. e5 Kh8 27. Rhg1 a5 28.
Na4 Bf7 29. Ng3 Ng6 30. Ke3 b5 31. Nc5 a4 32. Nxf5 Nxf5+ 33. Bxf5 axb3 34. axb3
1-0

[Event "USCL Week 3"]
[Site "Internet Chess Club"]
[Date "2014.09.09"]
[Round "?"]
[White "Duckworth, Mark"]
[Black "Defibaugh, Jared"]
[Result "1/2-1/2"]
[WhiteElo "2316"]
[BlackElo "2325"]
[PlyCount "76"]
[EventDate "2014.??.??"]

1. d4 Nf6 2. Bg5 d5 3. Bxf6 exf6 4. e3 Bd6 5. g3 c6 6. Bg2 h5 7. h4 Qb6 8. b3
Bg4 9. Ne2 Nd7 10. Qd3 O-O-O 11. Nd2 Rhe8 12. Bf3 g6 13. Bxg4 hxg4 14. h5 Rh8
15. O-O-O f5 16. c4 Qa6 17. Kb1 Nf6 18. hxg6 fxg6 19. Qc2 Bb4 20. Rxh8 Rxh8 21.
Nf4 Bxd2 22. Nxg6 Ne4 23. Nxh8 Qa5 24. c5 Nc3+ 25. Ka1 Nxd1 26. Qxf5+ Kb8 27.
Qf8+ Kc7 28. Qf4+ Kd8 29. Qf6+ Kc7 30. Qg7+ Kb8 31. Qf8+ Kc7 32. Qd6+ Kc8 33.
Qe6+ Kc7 34. Qe5+ Kc8 35. Qf5+ Kb8 36. Qf8+ Kc7 37. Qg7+ Kb8 38. Qf8+ Kc7
1/2-1/2

[Event "USCL Week 3"]
[Site "Internet Chess Club"]
[Date "2014.09.09"]
[Round "?"]
[White "Zheng, Andrew"]
[Black "Casella, Michael"]
[Result "0-1"]
[WhiteElo "2208"]
[BlackElo "2262"]
[PlyCount "60"]
[EventDate "2014.??.??"]

1. d4 Nf6 2. c4 g6 3. Nc3 Bg7 4. e4 d6 5. Nf3 O-O 6. Bd3 Nc6 7. d5 Ne5 8. Nxe5
dxe5 9. O-O e6 10. Bg5 h6 11. Be3 exd5 12. exd5 c6 13. dxc6 bxc6 14. Qc2 Qe7
15. Rae1 Be6 16. h3 Rfd8 17. Na4 Nd7 18. f4 exf4 19. Rxf4 Ne5 20. Bf1 Bf5 21.
Qf2 Re8 22. Kh1 Qb4 23. b3 Rad8 24. c5 Qa5 25. Rd4 Nd3 26. Bxd3 Bxd4 27. Bxf5
gxf5 28. Qg3+ Kh7 29. Qf2 f4 30. Qc2+ Kg8 0-1